<The> Economics of the media <the> convergence of the transition countries with EU member states
Salvato in:
| Autore principale: | |
|---|---|
| Natura: | Libro |
| Lingua: | inglese slovacco |
| Pubblicazione: |
Prešov
Research Centre of the Slovak Foreign Policy Association
1999
|
| Soggetti: | |
| Tags: |
Nessun Tag, puoi essere il primo ad aggiungerne!!
|
MARC
| LEADER | 00000nam a2200000 4500 | ||
|---|---|---|---|
| 001 | c122732 | ||
| 005 | 20221219093752.0 | ||
| 020 | |a 80-968155-0-4 | ||
| 041 | 0 | |a eng | |
| 041 | 0 | |a slo | |
| 044 | |a SK | ||
| 245 | 1 | 0 | |a <The> Economics of the media |b <the> convergence of the transition countries with EU member states |c Zdeněk Hrubý ... [et al.] |
| 264 | 1 | |a Prešov |b Research Centre of the Slovak Foreign Policy Association |c 1999 | |
| 300 | |a 211 s. | ||
| 610 | 2 | 0 | |a médiá |
| 610 | 2 | 0 | |a politika licenčná |
| 610 | 2 | 0 | |a televízia |
| 610 | 2 | 0 | |a spoločnosti |
| 610 | 2 | 0 | |a tlač |
| 610 | 2 | 0 | |a trh |
| 610 | 2 | 0 | |a rozhlas |
| 610 | 2 | 0 | |a reklama |
| 100 | 1 | |a Hrubý, Zdeněk | |